Prière d'apaisement de l'âme dans Fire Force - Statistiques

Statistiques générales
  • Ce quiz a été pris 25 fois
  • Le résultat moyen est 16 sur 29
Statistiques - réponses
Prière d'apaisement de l'âme % Correct
l'
96%
La
96%
tu
78%
âme.
74%
âme
74%
de
74%
Latum.
74%
le
70%
Les
70%
les
70%
les
70%
flammes
65%
flammes
65%
Poussière
61%
poussière,
61%
et
57%
ardentes.
52%
ton
52%
dans
48%
souffle
43%
sont
39%
libère
30%
âmes.
26%
délivrée
26%
fumée
26%
retournera
26%
noire
22%
redeviens
17%
incandescentes
9%
Aucun quiz correspondant
Distribution des résultats
% des personnes avec chaque résultat
Percentile par nombre de réponses
Votre historique - résultats
Vous n’avez pas pris ce quiz